| 000 | 00571nam a2200205Ii 4500 | ||
|---|---|---|---|
| 003 | JO-AjNU | ||
| 008 | 230606s9999||||xx |||||||||||||| ||und|| | ||
| 040 |
_aJO-AjNU _beng _erda _cJO-AjNU |
||
| 041 | _aeng | ||
| 050 | 1 | 4 | _aPS3525.I5156.C7 1961 |
| 100 | 3 |
_aWelland, Dennis, _eauthor _95433 |
|
| 245 | 0 | 0 | _aArthur Miller |
| 250 | _a1 ed | ||
| 264 | 3 | 1 | _aNew york :Grove Press , 1961 |
| 300 | _a118p | ||
| 336 |
_atext _btxt _2rdacontent |
||
| 337 |
_aunmediated _bn _2rdamedia |
||
| 338 |
_avolume _bnc _2rdacarrier |
||
| 650 | 4 |
_aAmerican drama -- 20th century. _95434 |
|
| 999 |
_aE2806 _c2804 _d2804 |
||